Music Quiz

Random Music or Lyrics Quiz
Score 0/30 Timer 08:00
8 Plays Today
% Correct
Galileo
85%
Marie Antoinette
80.1%
James Dean
76.5%
Joe Dimaggio
72.7%
Doris Day
72.4%
Madonna
70.9%
Marilyn Monroe
70.1%
Cleopatra
68.7%
Brad Pitt
66.2%
Britney Spears
64.9%
Ginger Rogers
63.1%
Doctor Seuss
62.9%
Chairman Mao
61.2%
Gary Cooper
57%
Neil Young
55.6%
% Correct
Robert E. Lee
53.1%
Greta Garbo
52.5%
Andy Kaufman
52.4%
Richard Nixon
48.2%
Tom Cruise
40.3%
Roy Orbison
39%
John F. Kennedy
38.6%
Bob Dylan
38.1%
Leonard Bernstein
37.4%
Lenny Bruce
35.9%
Bela Lugosi
35.7%
Harrison Ford
35.3%
Lon Chaney
34.6%
T.S. Eliot
30.7%
Edgar Allan Poe
28.4%

You're not logged in!

Compare scores with friends on all Sporcle quizzes.
OR
Log In

Sporcle TV

Today on Sporcle TV


Watch our educational content, quiz creation guides, and fun videos on Sporcle TV.

Show Comments

Extras

Top Quizzes Today


Score Distribution

Your Account Isn't Verified!

In order to create a playlist on Sporcle, you need to verify the email address you used during registration. Go to your Sporcle Settings to finish the process.

Report this User

Report this user for behavior that violates our Community Guidelines.

Details: